00851nam a2200217 i 450000100060000000300090000600500170001500700030003200800410003508000180007610000300009424501110012426000680023530000210030350000360032465000360036071000760039685200220047299900170049495201220051114271ES-MaACL20230906150749.0t|981125s1997 sp |||| | spa d a392.65(4)"19"1 aTamzali, Wassyla.910917313aLa prostitución femenina en la Europa de hoy b: cómo responder a esta cuestión / cWassyla Tamzali. aMadrid : bComunidad, Dirección General de la Mujer, c[1997] a69 p. ; c22 cm. aTexto en español y francés.14aProstitución-zEuropa.9165091 aMadrid (Comunidad Autónoma). bDirección General de la Mujer.95615 aES-MaACLjL-21550 c14271d14271 00104070aATENEOMbATENEOMcDEPO2d2008-01-17eSCl0oL-21550p1014518r2023-02-23 00:00:00w2023-02-23yMONOGRAFIA